[Event "Floripa Chess Open 2024"]
[Site "Florianopolis"]
[Date "2024.01.22"]
[Round "4.158"]
[White "De Menezes, Ricardo Fagner Dias"]
[Black "Espindola, Carlos Marcelo"]
[Result "1-0"]
[WhiteElo "1675"]
[BlackElo "1434"]
[PlyCount "107"]
[EventDate "2024.01.20"]
[EventRounds "10"]
[EventCountry "BRA"]

1. d4 Nf6 2. c4 e5 3. dxe5 Ng4 4. Nf3 Bc5 5. e3 Nc6 6. Be2 Ngxe5 7. Nxe5 Nxe5
8. Nc3 d6 9. a3 a6 ({RR} 9... a5 10. b3 O-O 11. O-O Bf5 12. Bb2 Qh4 13. Nd5 c6
14. g3 Qd8 15. Nf4 Qe7 16. Bd4 Bxd4 17. exd4 Ng6 18. Nxg6 Bxg6 19. Bd3 Qf6 20.
Bxg6 fxg6 21. Qd2 a4 22. b4 Qf7 23. Qc2 Qf6 24. Qd2 {Huhs,S (2034)-Hein,A  
(1833) Lueneburg GER 2018 1/2-1/2}) 10. b4 Ba7 11. Qc2 $146 ({RR} 11. Bb2 Bf5
12. O-O O-O 13. Nd5 Be6 14. Rc1 Ng6 15. Qc2 Ne7 16. Qc3 f6 17. Nf4 Bf5 18. Bf3
Rb8 19. Rfd1 Qc8 20. Nd5 Nxd5 21. cxd5 Rf7 22. h3 Qd7 23. e4 Bg6 24. Qc2 Re7
25. Bg4 Qd8 {Ledo Galan,J (1969)-Garcia Burguillo,J (1702) Galapagar 2009 1-0 
(46)}) 11... Be6 12. Nd5 O-O 13. Bb2 Rc8 14. O-O Re8 15. Rad1 c6 16. Nf4 Qc7
17. Qc3 f6 18. Nxe6 Rxe6 19. Rfe1 Rd8 20. Rd2 Bb6 21. Qb3 c5 22. Red1 Ree8 23.
Rd5 Nf7 24. Rb1 Qe7 25. Bc1 Rd7 26. Rd1 Ne5 27. Bb2 Qe6 28. a4 Nc6 29. Ba3 cxb4
30. Bf3 Kh8 31. Bxb4 Nxb4 32. Qxb4 Bc5 33. Qd2 Qxc4 34. Rdc1 Qxa4 35. Bxb7 Red8
36. Qd5 Qa5 37. Ra1 Qb6 38. Bxa6 Ra7 39. Bc4 Rxa1 40. Rxa1 h6 41. Bd3 Rb8 42.
g3 Qd8 43. Qf5 Qg8 44. h4 Re8 45. Rb1 Re5 46. Qg6 Re8 47. Rb7 Ra8 48. g4 Ra1+
49. Kg2 Ra8 50. g5 fxg5 51. Rf7 gxh4 52. Rf5 Rb8 53. Be4 Re8 54. Bd5 1-0

[Event "Floripa Chess Open 2024"]
[Site "Florianopolis"]
[Date "2024.01.22"]
[Round "4.159"]
[White "De Oliveira Fernandes, Luis Felipe Araujo"]
[Black "Lopes, Marcia Maria Dias"]
[Result "1-0"]
[WhiteElo "1800"]
[BlackElo "1297"]
[PlyCount "69"]
[EventDate "2024.01.20"]
[EventRounds "10"]
[EventCountry "BRA"]

1. c4 Nf6 2. Nf3 e6 3. Nc3 d6 4. d4 b6 5. g3 Bb7 6. Bg2 Nc6 $146 ({RR} 6...
Nbd7 7. O-O Be7 8. Re1 d5 9. Ne5 c6 10. f4 O-O 11. cxd5 cxd5 12. e3 Bb4 13. Bd2
Bxc3 14. Bxc3 Nxe5 15. fxe5 Ne4 16. Bb4 Re8 17. Bf1 a6 18. a4 Qg5 19. Bg2 Rec8
20. Bxe4 dxe4 21. Qd2 {Orbach,W-Mannheimer,N Frankfurt 1930 0-1 (33)}) ({RR} 
6... Ne4 7. Nxe4 Bxe4 8. O-O Be7 9. b3 O-O 10. Bb2 Bf6 11. Qd2 d5 12. Rac1 Na6
13. Rfd1 Rc8 14. c5 c6 15. Bc3 Re8 16. Qb2 Nc7 17. cxb6 axb6 18. a4 Qd6 19. Ne1
b5 20. Bxe4 dxe4 21. Qb1 {Kuzmin,G (2565)-Romanishin,O (2560) Tallinn (Estland)
1979 1/2-1/2 (36)}) ({RR} 6... Nbd7 7. O-O Be7 8. Re1 Ne4 9. d5 Nxc3 10. bxc3
e5 11. e4 O-O 12. Be3 Nc5 13. Qc2 Bc8 14. Nd2 Bg5 15. f4 exf4 16. gxf4 Bh4 17.
Rf1 f5 18. e5 Qe7 19. Nf3 Bd7 20. Bxc5 bxc5 21. Rab1 {Makowski,T (1775)-Kaniak,
M (1796) Warsaw POL 2023 1-0 (41)}) ({RR} 6... Nbd7 7. Qc2 g6 8. e4 Bg7 9. O-O
O-O 10. Rd1 Qc8 11. b3 Rd8 12. Bb2 Ne8 13. Qe2 c6 14. Rac1 e5 15. Bh3 Qc7 16.
b4 a6 17. a4 Nf8 18. b5 axb5 19. axb5 c5 20. dxe5 dxe5 21. Nd5 {Lilienthal,
A-Alatortsev,V Moscow (Russia) 1946 0-1 (41)}) 7. O-O Be7 8. e3 O-O 9. b3 d5
10. cxd5 exd5 11. Bb2 Re8 12. Qe2 h6 13. Rfd1 Bf8 14. Rac1 a5 15. Qb5 Na7 16.
Qd3 Rc8 17. Bh3 Rb8 18. Ne2 c6 19. a4 Bc8 20. Bf1 Bb4 21. Bc3 Bd6 22. Bg2 Qe7
23. Be1 Ba3 24. Rc2 b5 25. Bxa5 b4 26. Ne5 Bb7 27. Bb6 Ra8 28. Bxa7 Rxa7 29.
Nxc6 Bxc6 30. Rxc6 Qd7 31. Qc2 Rb7 32. Nf4 Reb8 33. Qc5 Qf5 34. Bxd5 Rd7 35.
Bxf7+ 1-0

[Event "Floripa Chess Open 2024"]
[Site "Florianopolis"]
[Date "2024.01.22"]
[Round "4.160"]
[White "Simoncini, Luana Felipe"]
[Black "Dos Santos, Douglas Asterio"]
[Result "1-0"]
[WhiteElo "1772"]
[BlackElo "1353"]
[PlyCount "38"]
[EventDate "2024.01.20"]
[EventRounds "10"]
[EventCountry "BRA"]

1. d4 Nf6 2. c4 c6 3. Nc3 d5 4. Bg5 Nbd7 5. e3 h6 6. Bh4 e5 ({RR} 6... e6 7.
cxd5 exd5 8. Bd3 Be7 9. Nge2 O-O 10. O-O Re8 11. f3 Nf8 12. Bf2 c5 13. Rc1 b6
14. Kh1 a6 15. dxc5 bxc5 16. e4 d4 17. Na4 Ne6 18. Bc4 Nd7 19. b4 cxb4 20. Bxe6
fxe6 21. Nxd4 {Firouzja,A (2777)-Troff,K (2483) chess.com INT 2023 1-0 (49)})
7. dxe5 $146 ({RR} 7. cxd5 cxd5 8. Nxd5 Qa5+ 9. Nc3 Ne4 10. Qc2 Nxc3 11. Qxc3
Bb4 12. Rc1 Bxc3+ 13. bxc3 Qxa2 14. Nf3 O-O 15. Bb5 a6 16. Bd3 exd4 17. cxd4
Nb6 18. O-O Be6 19. Rb1 Nc4 20. Rxb7 Nd2 21. Nxd2 Qxd2 {Luz,H (1720)-Hamano,H
Goiania 2011 1-0 (79)}) 7... Nxe5 8. cxd5 Be7 9. dxc6 Nxc6 10. Bc4 O-O 11. Nf3
Bg4 12. h3 Bf5 13. O-O Rc8 14. Bb3 Qb6 15. Bxf6 Bxf6 16. Nd5 Qd8 17. Nxf6+ Qxf6
18. Qe2 Rfe8 19. Rfd1 Qg5 1-0

[Event "Floripa Chess Open 2024"]
[Site "Florianopolis"]
[Date "2024.01.22"]
[Round "4.161"]
[White "Nunes, Nicole"]
[Black "Lemes, Cintia"]
[Result "0-1"]
[WhiteElo "1253"]
[BlackElo "1576"]
[PlyCount "41"]
[EventDate "2024.01.20"]
[EventRounds "10"]
[EventCountry "BRA"]

1. Nf3 {Nimzowitsch,A} c5 2. g3 Nc6 3. Bg2 e5 4. e4 d6 5. c3 Bg4 6. O-O Be7 7.
d3 Qd7 8. Nbd2 $146 ({RR} 8. Re1 Nf6 9. Nbd2 Rd8 10. Qa4 O-O 11. Qc2 ({RR} 11.
Nc4 b5 12. Qxb5 Bxf3 13. Bxf3 Nd4) 11... Qc7 ({RR} 11... Rfe8) 12. Nc4 h6 13.
Ne3 Bd7 14. Nh4 Rfe8 15. f4 Qb8 ({RR} 15... exf4 16. Nd5) 16. Nhf5 Bf8 17. Qf2
Bxf5 18. Nxf5 d5 19. Rf1 dxe4 20. dxe4 Qc8 21. Qf3 Qe6 22. fxe5 Nd7 {Bluemich,
M-Nimzowitsch,A Dresden 1926 HCL [Nimzowitsch,A] 0-1 (39) RR} 23. Be3) 8... h5
9. Qb3 Na5 10. Qc2 h4 11. d4 cxd4 12. cxd4 Rc8 13. Qd3 Nc6 14. dxe5 Nb4 15. Qb3
Nc2 16. Rb1 Be6 17. Qd3 Bxa2 18. b3 Bxb1 19. exd6 hxg3 20. fxg3 Bxd6 21. Kh1
0-1

[Event "Floripa Chess Open 2024"]
[Site "Florianopolis"]
[Date "2024.01.22"]
[Round "4.162"]
[White "Born, Ary"]
[Black "Flesch, Lucas Henrique Ye"]
[Result "0-1"]
[WhiteElo "1249"]
[BlackElo "1571"]
[PlyCount "50"]
[EventDate "2024.01.20"]
[EventRounds "10"]
[EventCountry "BRA"]

1. d4 d5 2. Nf3 Nf6 3. Bf4 c5 4. c3 Nc6 5. e3 Qb6 6. Nbd2 ({RR} 6. Qc1 Bg4 7.
Nbd2 e6 8. Bd3 Rc8 9. O-O cxd4 10. exd4 Be7 11. Re1 O-O 12. Qb1 Bh5 13. Ne5
Nxe5 14. dxe5 Ng4 15. Be3 Nxe3 16. Bxh7+ Kh8 17. Rxe3 g6 18. Rh3 Kg7 19. Nb3
Bg4 20. Rg3 Bf5 {Annaberdiev,M (2444)-Sveshnikov,E (2525) Beijing 2008 0-1 (42)
}) 6... Qxb2 ({RR} 6... Bg4 7. Be2 e6 8. O-O Be7 9. h3 Bh5 10. g4 Bg6 11. b3
O-O 12. c4 cxd4 13. exd4 Nxd4 14. Nxd4 Qxd4 15. Be3 Qe5 16. Nf3 Qd6 17. Nh4 Be4
18. Bf3 Rad8 19. Bxe4 Nxe4 20. Nf3 dxc4 21. Qxd6 {Boyle,M-Abylkasymov,K (1827)
Tornelo INT 2021 0-1}) 7. Rc1 $146 ({RR} 7. Qc1 Qxc1+ 8. Rxc1 e6 9. h3 Bd7 10.
Bd3 Be7 11. Ne5 O-O 12. Nxd7 Nxd7 13. Bb5 Rfc8 14. Nf3 a6 15. Bxc6 Rxc6 16. Ne5
Nxe5 17. Bxe5 f6 18. Bh2 cxd4 19. exd4 Rac8 20. Kd2 b5 21. Bf4 Ba3 {Blasco
Gallardo,F (1618)-Rodriguez Orgaz,C (1868) Madrid 2015 0-1 (37)}) ({RR} 7. Rb1
Qxc3 8. Rc1 Qa3 9. dxc5 Bg4 10. Be2 e6 11. O-O Bxc5 12. Nb3 Bd6 13. Nfd4 Bxe2
14. Qxe2 Bxf4 15. exf4 Nxd4 16. Nxd4 O-O 17. f5 exf5 18. Nxf5 Rfe8 19. Qd2 g6
20. Qd4 Qa6 21. Ne3 Re4 {Taras,I (2224)-Goltseva,E (2306) chess.com INT 2020
0-1 (41)}) 7... Qb6 8. Rb1 Qd8 9. Bb5 Bd7 10. dxc5 e6 11. Bd6 Bxd6 12. cxd6 O-O
13. h4 a6 14. Bd3 e5 15. Bc2 Bg4 16. e4 Qxd6 17. exd5 Qxd5 18. Bb3 Qd7 19. Bc2
Rad8 20. a3 Qe7 21. Qc1 e4 22. Ng5 e3 23. Bxh7+ Nxh7 24. Nde4 Rd1+ 25. Qxd1
Bxd1 0-1

[Event "Floripa Chess Open 2024"]
[Site "Florianopolis"]
[Date "2024.01.22"]
[Round "4.163"]
[White "Vaz, Vania Dora Madona"]
[Black "Ferreira, Carlos Eduardo"]
[Result "0-1"]
[WhiteElo "1236"]
[BlackElo "1568"]
[PlyCount "76"]
[EventDate "2024.01.20"]
[EventRounds "10"]
[EventCountry "BRA"]

1. e4 c5 2. Nf3 Nc6 3. c3 d6 4. d4 cxd4 5. cxd4 g6 6. Be2 Bg7 7. O-O Nf6 8. Nc3
O-O 9. h3 Re8 ({RR} 9... e5 10. Be3 Re8 11. dxe5 dxe5 12. Qxd8 Rxd8 13. Rfd1
Be6 14. Ng5 Nd4 15. Nxe6 fxe6 16. Bc4 Kf7 17. Rac1 a6 18. a3 Rac8 19. Ba2 Rd7
20. f3 Rcd8 21. Kf2 b5 22. Ne2 Ne8 23. Bxd4 exd4 24. Nf4 {Seitaj,I (2406)
-Karttunen,M (2434) Kallithea 2002 1-0 (52)}) 10. Be3 a6 $146 ({RR} 10... e5
11. d5 Nd4 12. Nxd4 exd4 13. Bxd4 Nxe4 14. Bxg7 Kxg7 15. Rc1 Nxc3 16. Rxc3 Qf6
17. Bb5 Re7 18. Qd2 a6 19. Be2 Bd7 20. Rfc1 Rae8 21. Bf1 Bf5 22. Rf3 Qe5 23.
Re3 Qf6 24. Rf3 Qh4 25. g3 {Olsar,J (2300)-Svanda,P (2270) Czechia 1998 1-0  
(60)}) ({RR} 10... e5 11. d5 Nd4 12. Rc1 Nxe2+ 13. Qxe2 a6 14. Na4 b5 15. Bb6
Qd7 16. Rc7 bxa4 17. Rxd7 Bxd7 18. Rc1 Bb5 19. Qc2 Bh6 20. Be3 Bxe3 21. fxe3
Bd7 22. Nd2 Rec8 23. Qd1 Rcb8 24. b3 axb3 25. axb3 {Petrova,I (2077)-Barchuk,I
(2075) Kherson UKR 2020 0-1 (79)}) ({RR} 10... e5 11. d5 Nd4 12. Rc1 a6 13. Re1
Nxe2+ 14. Rxe2 Bd7 15. Qb3 b5 16. a4 bxa4 17. Qb4 Qb8 18. Qa3 Rc8 19. Rec2 Rc4
20. Nd2 Rb4 21. f3 Ne8 22. Nd1 f5 23. Rc4 a5 24. Qc3 Qb7 25. Kh2 {Wege,J (2259)
-Roosen,H (2220) Germany 2011 1/2-1/2 (72)}) 11. a3 b5 12. Qc2 Bb7 13. Rad1 Qc7
14. Nd5 Qb8 15. Nxf6+ Bxf6 16. h4 Rc8 17. Qd2 Qc7 18. h5 Na5 19. Rc1 Qd8 20.
Qd3 Nc4 21. hxg6 hxg6 22. Bg5 e5 23. Bxf6 Qxf6 24. b4 Kg7 25. d5 Rh8 26. Nh2
Rxh2 27. Kxh2 Qh4+ 28. Qh3 Qg5 29. Rc3 Rh8 30. Qxh8+ Kxh8 31. Rh3+ Kg7 32. Rh1
Qf4+ 33. Kg1 Qxe4 34. Rh7+ Kf6 35. Bf3 Qe1+ 36. Kh2 Qxf2 37. Kh3 Bc8+ 38. g4
Qxf3+ 0-1

[Event "Floripa Chess Open 2024"]
[Site "Florianopolis"]
[Date "2024.01.22"]
[Round "4.164"]
[White "Salamanca Paraguayo, Mateo"]
[Black "Santos, Marcos Correia"]
[Result "1-0"]
[WhiteElo "1182"]
[BlackElo "1564"]
[PlyCount "55"]
[EventDate "2024.01.20"]
[EventRounds "10"]
[EventCountry "BRA"]

1. e4 c5 2. Nf3 a6 3. Nc3 Nc6 4. d4 cxd4 5. Nxd4 Nf6 6. Nxc6 bxc6 7. e5 Ng8 8.
Bc4 g6 ({RR} 8... Qc7 9. Qe2 f6 10. Bf4 fxe5 11. Bxe5 d6 12. Bg3 Nf6 13. O-O-O
e5 14. Rhe1 Be7 15. h3 Bb7 16. f4 e4 17. f5 O-O-O 18. Nxe4 Nxe4 19. Qxe4 Rhe8
20. Kb1 Kb8 21. Bf7 Bh4 22. Qxh4 Qxf7 23. Bxd6+ {Melikyan,G (2238)-Makridis,D 
(2356) chess.com INT 2023 1-0 (52)}) 9. O-O Bg7 10. Bf4 $146 ({RR} 10. Qf3 e6
11. Bf4 Nh6 12. Bxh6 Bxh6 13. Ne4 O-O 14. Nf6+ Kh8 15. Qh3 Kg7 16. g4 Rh8 17.
Qg3 Bg5 18. Ne4 Bb7 19. Rad1 Be7 20. Qf4 Rf8 21. g5 Rh8 22. Rd3 h6 23. Rf3 Qf8
24. Rd1 c5 {Storbeck,D-Konietzka,M Ahrensburg 2001 1-0 (61)}) ({RR} 10. Qf3 e6
11. Ne4 Bxe5 12. Bf4 Qc7 13. Bxe5 Qxe5 14. Rfe1 d5 15. Ng3 Qf6 16. Qa3 Ne7 17.
Bd3 O-O 18. f4 Bd7 19. Re5 Rab8 20. b3 Qxf4 21. Rae1 Qb4 22. Qc1 c5 23. Kh1 c4
24. Nh5 cxd3 {Nigmatov,O (2450)-Todev,S (2119) chess.com INT 2023 1-0 (76)})
10... Nh6 11. Re1 O-O 12. Qd2 Nf5 13. Bd3 e6 14. Ne4 Rb8 15. Bg5 Qc7 16. Nf6+
Kh8 17. g4 Nd4 18. Qe3 c5 19. c3 Nb5 20. Bh6 Bb7 21. Bxg7+ Kxg7 22. Qg5 Qd8 23.
Nh5+ Kh8 24. Qh6 Rg8 25. Nf6 Rg7 26. Re3 Nd6 27. Rh3 Nf5 28. Qxh7+ 1-0

[Event "Floripa Chess Open 2024"]
[Site "Florianopolis"]
[Date "2024.01.22"]
[Round "4.165"]
[White "Mauro, Roberto Da Silva"]
[Black "Buffon, Maria Ivy Segalin"]
[Result "1-0"]
[WhiteElo "1562"]
[BlackElo "1254"]
[PlyCount "63"]
[EventDate "2024.01.20"]
[EventRounds "10"]
[EventCountry "BRA"]

1. d4 d5 2. c4 e6 3. Nf3 c5 4. e3 Nf6 5. Nc3 Nc6 6. a3 Be7 7. Bd3 O-O 8. O-O b6
9. cxd5 exd5 10. Re1 ({RR} 10. h3 Bb7 11. b3 Re8 12. Ne2 Ne4 13. Bb2 Bf6 14.
Qc2 cxd4 15. Nexd4 Rc8 16. Qe2 Nxd4 17. Bxd4 Bxd4 18. Nxd4 Qg5 19. Rac1 Nc5 20.
Bb5 Red8 21. Rfd1 h6 22. b4 Ne6 23. Rxc8 Bxc8 24. Nc6 Rd7 {Arutinian,D (2556)
-Toth,E (2477) Pardubice 2012 1/2-1/2 (62)}) ({RR} 10. Ne5 Bb7 11. Nxc6 Bxc6
12. b3 Bd6 13. Bb2 Qe7 14. Rc1 cxd4 15. Ne2 Bd7 16. Bxd4 Bxa3 17. Rc7 Ne8 18.
Rc2 Bd6 19. Ng3 g6 20. Qf3 Be6 21. Rfc1 Ng7 22. e4 Bxg3 23. exd5 Bxh2+ 24. Kxh2
Qd6+ {Hryzlova,S (2215)-Ambartsumova,K (2418) chess.com INT 2023 0-1 (45)})
10... Bg4 $146 ({RR} 10... c4 11. Be2 Na5 12. Nd2 Bb7 13. b3 cxb3 14. Nxb3 Nxb3
15. Qxb3 Rc8 16. Bd2 a6 17. a4 Qd6 18. Na2 Qe6 19. Rab1 Rc6 20. Bb4 Rfc8 21.
Rec1 Rxc1+ 22. Nxc1 Bd8 23. Nd3 g5 24. Ne5 Ne4 25. Bh5 {Fil,A (1835)-Georgiev,
N (2056) Sofia 2012 1-0 (40)}) 11. Bb5 Na5 12. Be2 Nb7 13. Ne5 Bxe2 14. Qxe2
Nd6 15. b4 cxd4 16. exd4 Rc8 17. Nb5 Nxb5 18. Qxb5 Bd6 19. Bg5 Be7 20. Nc6 Rxc6
21. Qxc6 h6 22. Bf4 Re8 23. Re3 Bf8 24. Rae1 Rxe3 25. Rxe3 a5 26. Bc7 Qd7 27.
Qxd7 Nxd7 28. Re8 Kh7 29. Rd8 axb4 30. axb4 Bxb4 31. Rxd7 f6 32. Bxb6 1-0

[Event "Floripa Chess Open 2024"]
[Site "Florianopolis"]
[Date "2024.01.22"]
[Round "4.166"]
[White "Kerr, Lennon"]
[Black "Biazon, Natalia De Oliveira"]
[Result "1-0"]
[WhiteElo "1557"]
[BlackElo "1250"]
[PlyCount "113"]
[EventDate "2024.01.20"]
[EventRounds "10"]
[EventCountry "BRA"]

1. e4 e6 2. Nc3 d5 3. Nf3 dxe4 4. Nxe4 Nf6 5. Nxf6+ Qxf6 6. d4 h6 7. Bc4 ({RR} 
7. Bb5+ Bd7 8. Qe2 a6 9. Bc4 Nc6 10. d5 Bb4+ 11. c3 Bxc3+ 12. bxc3 Qxc3+ 13.
Qd2 Qxa1 14. dxc6 Bxc6 15. O-O Rd8 16. Qb4 Qf6 17. Bb2 Qf4 18. Be5 Qf5 19. Bxc7
Rd7 20. Bg3 Bxf3 21. gxf3 Qxf3 {Lindberg,B (2495)-Lundvik,J (2356) Sweden 2007
1-0}) 7... Be7 ({RR} 7... Bd6 8. O-O O-O 9. Bd2 Nd7 10. Re1 Nb6 11. Bf1 Bf4 12.
Bb4 Bd6 13. Ba5 Nd5 14. c4 Bb4 15. Bxb4 Nxb4 16. Qb3 a5 17. Rad1 c6 18. a3 Na6
19. Ne5 Nc7 20. Qg3 Qg5 21. Ng4 h5 22. Qxc7 {Himanshu,S (2391)-Ahmed,S (2106)
Dhaka BAN 2022 1/2-1/2 (71)}) 8. O-O O-O 9. Re1 Nd7 $146 ({RR} 9... a6 10. Qe2
Bd6 11. Ne5 b5 12. Qe4 Ra7 13. Bd3 Qf5 14. Qh4 Qf6 15. Qh3 Bb7 16. Ng4 Qxd4 17.
Be3 Qxb2 18. Bxa7 Nc6 19. Be3 Ne5 20. Nxe5 Bxe5 21. Rad1 f5 22. Bc1 Qc3 23. Qe3
Qc6 24. Bf1 {Lim,K (1883)-Filzmaier,B (1895) Opatija 2013 1-0 (31)}) 10. Be3
Nb6 11. Bb3 Bd7 12. d5 Nxd5 13. Bd4 Qf5 14. Re5 Qf4 15. Bxd5 exd5 16. Rxe7 Be6
17. Be5 Qb4 18. Rxc7 Rac8 19. Rxc8 Rxc8 20. Qd4 Qxd4 21. Nxd4 f6 22. Bf4 Bf7
23. Re1 Rc4 24. c3 g5 25. Bd6 Ra4 26. a3 Ra6 27. Bb4 Rb6 28. Nf5 Kh7 29. Re7
Re6 30. Rxf7+ Kg6 31. Re7 Kxf5 32. Rxe6 Kxe6 33. Kf1 Ke5 34. Ke2 f5 35. g3 h5
36. Kf3 g4+ 37. Ke3 a6 38. Bc5 Kf6 39. Kf4 a5 40. a4 Ke6 41. Kg5 Ke5 42. Kxh5
Ke4 43. Bd4 Kf3 44. Kg6 f4 45. Kf5 fxg3 46. hxg3 Ke2 47. Kxg4 Kd3 48. f4 Kc2
49. f5 Kxb2 50. f6 Kb3 51. f7 Kxa4 52. f8=Q b5 53. Qc5 b4 54. Qxd5 b3 55. Qc4+
Ka3 56. Kh5 b2 57. Bc5# 1-0

[Event "Floripa Chess Open 2024"]
[Site "Florianopolis"]
[Date "2024.01.22"]
[Round "4.167"]
[White "Deretti, Lucas Jurk"]
[Black "Leite, Lucas Bueno De Oliv"]
[Result "1-0"]
[WhiteElo "1548"]
[BlackElo "1227"]
[PlyCount "69"]
[EventDate "2024.01.20"]
[EventRounds "10"]
[EventCountry "BRA"]

1. e4 c6 2. Nf3 d5 3. Nc3 dxe4 4. Nxe4 Nf6 5. Nxf6+ exf6 6. Bc4 Bd6 7. Qe2+ Be7
8. O-O O-O 9. Re1 Bd6 10. h3 Bf5 ({RR} 10... Na6 11. d4 Nc7 12. Bd2 a5 13. a4
Nd5 14. c3 Be6 15. Bd3 Re8 16. Qe4 g6 17. Qh4 Qd7 18. Bc4 Be7 19. Bh6 Rad8 20.
Rad1 b5 21. axb5 cxb5 22. Bxd5 Bxd5 23. Re3 Bxf3 24. Rxf3 f5 25. Qf4 {Adams,M 
(2703)-Howell,D (2696) London ENG 2018 1/2-1/2 (32)}) ({RR} 10... a5 11. a4 Na6
12. d4 Nc7 13. Qd3 Nd5 14. Qb3 Rb8 15. Bxd5 cxd5 16. Qd3 Be6 17. Be3 b6 18. Qd2
Qc7 19. Rec1 Rbc8 20. Ne1 Rfe8 21. Nd3 g5 22. Qd1 Qd7 23. Qf3 Kg7 24. Kf1 Bb8
25. Ne5 {Musial,T (2184)-Kosiorek,M (2259) Jastrzebia Gora POL 2023 0-1 (36)})
11. d3 $146 ({RR} 11. d4 Nd7 12. Nh4 Bg6 13. Nxg6 hxg6 14. Qg4 Nb6 15. Bb3 Nd5
16. c4 f5 17. Qf3 Re8 18. Rxe8+ Qxe8 19. Bg5 Nf6 20. Bxf6 gxf6 {1/2-1/2 (20)
Rabar,B-Kulzinski,N Novi Sad 1945}) 11... Nd7 12. Be3 Re8 13. Qd2 Qc7 14. Nd4
Bg6 15. f4 Rxe3 16. Qxe3 Bxf4 17. Qf3 Be5 18. Nf5 Qb6+ 19. Kh1 Kf8 20. Rab1
Bxb2 21. Ne7 Ne5 22. Nxg6+ hxg6 23. Rxe5 Qd4 24. Re4 Qc3 25. d4 Qxc2 26. Qd3
Qf2 27. Re2 Qf4 28. Rexb2 Rd8 29. Rxb7 Rxd4 30. Rxf7+ Ke8 31. Rb8+ Qxb8 32.
Qxd4 Qb1+ 33. Qg1 Qc2 34. Qe1+ Kd8 35. Qe7+ 1-0

[Event "Floripa Chess Open 2024"]
[Site "Florianopolis"]
[Date "2024.01.22"]
[Round "4.168"]
[White "Dos Santos, Welligton Carlos"]
[Black "Baratieri, Maria Vitoria"]
[Result "1-0"]
[WhiteElo "1541"]
[BlackElo "1152"]
[PlyCount "131"]
[EventDate "2024.01.20"]
[EventRounds "10"]
[EventCountry "BRA"]

1. c4 e5 2. Nc3 f5 3. g3 Nf6 4. Bg2 Nc6 5. e3 Bb4 6. Nge2 O-O 7. O-O Qe8 8. a3
Bxc3 9. Nxc3 d6 10. d4 Qg6 $146 ({RR} 10... Qf7 11. Nd5 Kh8 12. b4 Nd8 13. dxe5
dxe5 14. Bb2 Nxd5 15. Qxd5 e4 16. Qxf7 Nxf7 17. f3 exf3 18. Bxf3 Nd6 19. c5 Ne4
20. Bd4 Nd2 21. Rf2 Nxf3+ 22. Rxf3 Be6 23. Rf2 Kg8 24. Rd2 c6 25. Rf1 {Valdes
Escobar,A (2126)-Llorens Sepulveda,M (2418) Santiago de Chile 2005 0-1 (41)}) (
{RR} 10... f4 11. d5 fxg3 12. dxc6 gxh2+ 13. Kh1 bxc6 14. e4 Bg4 15. Qd3 Nh5
16. b3 Qe7 17. Be3 Qh4 18. c5 Rf6 19. cxd6 cxd6 20. Qc4+ Kh8 21. Qxc6 Raf8 22.
Nd5 Rg6 23. Rac1 h6 24. Qc3 Bh3 25. Bxh3 {Koehler,G (2182)-Larsen,P (2248)
Marianske Lazne 2016 0-1}) 11. b4 Bd7 12. b5 Ne7 13. Bxb7 Rab8 14. Bg2 e4 15.
a4 d5 16. Ba3 Qf7 17. cxd5 Rfe8 18. d6 cxd6 19. Bxd6 Rbc8 20. Qd2 Ned5 21. Nxd5
Qxd5 22. Bc5 Rxc5 23. Qa5 Rc4 24. Rfb1 Qb7 25. Bf1 Rc2 26. Qb4 Be6 27. h3 Qc7
28. a5 Nd5 29. Qa4 Bf7 30. b6 axb6 31. axb6 Nxb6 32. Rxb6 Qxb6 33. Qxc2 Qg6 34.
Ra6 Qg5 35. Qc7 h5 36. Bb5 Rf8 37. Qf4 Qxf4 38. gxf4 Rb8 39. Bd7 g6 40. Be6
Rb1+ 41. Kg2 Bxe6 42. Rxe6 Kf7 43. Ra6 Rb7 44. Kg3 Rb1 45. Ra7+ Kf6 46. Ra6+
Kf7 47. Ra2 Rg1+ 48. Kh2 Rd1 49. Kg2 Rb1 50. f3 Rb3 51. Kf2 Rd3 52. Ke2 Kf6 53.
fxe4 fxe4 54. Rd2 Ra3 55. d5 Ra8 56. Kd1 Ke7 57. Rd4 Kd6 58. Rxe4 Kxd5 59. Re5+
Kd6 60. Rg5 Rg8 61. f5 h4 62. Rxg6+ Rxg6 63. fxg6 Ke7 64. Ke2 Kf6 65. Kf3 Kxg6
66. Kg4 1-0

[Event "Floripa Chess Open 2024"]
[Site "Florianopolis"]
[Date "2024.01.22"]
[Round "4.169"]
[White "Poli, Maria Luiza De Oliv"]
[Black "Carmo, Jose Arlindo"]
[Result "0-1"]
[WhiteElo "1171"]
[BlackElo "1541"]
[PlyCount "58"]
[EventDate "2024.01.20"]
[EventRounds "10"]
[EventCountry "BRA"]

1. e4 c5 2. Nf3 d6 3. d4 cxd4 4. Nxd4 Nf6 5. Nc3 a6 6. Be2 e5 7. Nb3 Be6 8. Be3
Nbd7 9. O-O Be7 10. h3 ({RR} 10. Qd3 Nb6 11. Nd2 Rc8 12. a4 O-O 13. a5 Nc4 14.
Nxc4 Bxc4 15. Qd2 Qd7 16. Bg5 Be6 17. Rfd1 Rc6 18. Nd5 Bxd5 19. exd5 Rc5 20.
Bxf6 Bxf6 21. b4 Rc7 22. c4 e4 23. Rac1 Be5 24. c5 Qe7 {Jacobson,B (2487)
-Sarana,A (2640) chess.com INT 2020 0-1 (37)}) 10... Rc8 ({RR} 10... O-O 11.
Qd2 Qc7 12. f4 exf4 13. Bxf4 Ne5 14. Nd4 Rac8 15. Rad1 b5 16. Bg5 b4 17. Nd5
Nxd5 18. exd5 Bxg5 19. Qxg5 Bd7 20. Kh1 a5 21. Bd3 Qc5 22. Nf5 Bxf5 23. Bxf5
Rc7 24. Qh4 g6 25. Be4 {Mordechai,H (2347)-Schut,H (2091) chess.com INT 2024
1-0 (37)}) 11. Bd3 $146 ({RR} 11. Bf3 b5 12. Qd2 O-O 13. Rfd1 Qc7 14. Rac1 h6
15. Ne2 Rfe8 16. Ng3 Bf8 17. a3 Nb6 18. Na5 Red8 19. Qe1 Na4 20. b3 Nc3 21. b4
Nxd1 22. Bxd1 d5 23. exd5 Nxd5 24. Bc5 Bxc5 25. bxc5 Qxc5 {Wong,M (2245)
-Kuwaza,C (2205) Manila 1992 0-1 (46)}) ({RR} 11. Bf3 Qc7 12. Rc1 b5 13. a3 Nb6
14. Nd2 O-O 15. Re1 Rfd8 16. Bxb6 Qxb6 17. Nf1 b4 18. axb4 Qxb4 19. Rb1 a5 20.
Ne3 Qd4 21. Ne2 Qb6 22. Nc3 g6 23. g4 h6 24. Qc1 Kg7 25. Rd1 Nh7 {Liebstein,
A-Flores Alvarez,R Mar del Plata 1951 1/2-1/2 (51)}) 11... O-O 12. Qd2 Qc7 13.
Rac1 b5 14. a3 Nb6 15. Ne2 Nc4 16. Bxc4 bxc4 17. Na1 Nxe4 18. Qe1 d5 19. c3 f5
20. f4 Bd6 21. Nc2 Bc5 22. Kh1 Bxe3 23. Nxe3 Qb6 24. Ng3 exf4 25. Rxf4 Qb8 26.
Rf3 f4 27. Rf2 Nxg3+ 28. Kg1 Qb6 29. Rcc2 Ne4 0-1

[Event "Floripa Chess Open 2024"]
[Site "Florianopolis"]
[Date "2024.01.22"]
[Round "4.171"]
[White "Bandeira, Ricardo"]
[Black "Cunha, Rodrigo Azalim"]
[Result "0-1"]
[WhiteElo "1161"]
[BlackElo "1540"]
[PlyCount "52"]
[EventDate "2024.01.20"]
[EventRounds "10"]
[EventCountry "BRA"]

1. c4 e6 2. Nc3 d5 3. d4 Nf6 4. e3 c5 5. cxd5 Nxd5 6. Nxd5 Qxd5 7. Nf3 Nc6 8.
Bb5 ({RR} 8. Be2 cxd4 9. exd4 Bb4+ 10. Bd2 Bxd2+ 11. Qxd2 O-O 12. O-O Rd8 13.
Rfd1 Bd7 14. b4 Qd6 15. b5 Nb4 16. Rac1 Nd5 17. a4 a6 18. bxa6 Bxa4 19. axb7
Rab8 20. Re1 Rxb7 21. Qa5 Be8 22. Rb1 Rxb1 {Malekian,B (2290)-Vernersson,P  
(2433) Sweden 2000 0-1 (51)}) 8... Bd7 ({RR} 8... cxd4 9. Nxd4 Bd7 10. O-O Nxd4
11. Bxd7+ Qxd7 12. exd4 Rd8 13. Be3 Be7 14. Qe1 O-O 15. Qe2 Bf6 16. Rfd1 Qa4
17. b3 Qb4 18. Qb2 Rd5 19. Rac1 Rfd8 20. Rc4 Qd6 21. g3 e5 22. Rdc1 exd4 23.
Bf4 {Viala Merlot,G-El Baroudi Abderrahmane (1599) Europe-Chess INT 2020 0-1  
(36)}) 9. O-O a6 $146 ({RR} 9... Bd6 10. dxc5 Qxd1 11. Rxd1 Bxc5 12. Bd2 O-O
13. Rac1 Bb6 14. Bc3 Rfd8 15. Rd2 Rac8 16. Rcd1 Rc7 17. Bxc6 bxc6 18. Ne5 Rb7
19. Nxd7 Bc7 20. Nf6+ Kf8 21. Rxd8+ Bxd8 22. Rxd8+ Ke7 23. Re8+ Kd6 24. Ne4+ {
Palos,A (1274)-Ianchis,I (1001) Baile Felix 2017 1-0}) 10. Ba4 cxd4 11. Nxd4
Nxd4 12. Bxd7+ Qxd7 13. Qxd4 Qxd4 14. exd4 Rd8 15. Rd1 Be7 16. Bf4 O-O 17. a3
Rd5 18. Rd3 Bf6 19. Be3 Rfd8 20. Rc1 e5 21. Rb3 exd4 22. Bd2 b5 23. Rc6 R5d6
24. Rc5 Re6 25. Kf1 d3 26. Rc7 Re2 0-1